000 00404nam a2200169Ia 4500
001 20548
003 IN-NITTTR
005 20251114233235.0
008 251113s9999||||xx |||||||||||||| ||eng||
040 _beng
040 _cIN-NITTTR
041 _aeng
082 _a025.1 M1L
100 _aMittal, R. L.
245 0 _aLibrary administration :
_b theory and practice /
_cMittal, R. L.
942 _2ddc
_cBK
999 _c23178
_d23178